| 000 | 00590nam a2200181 i 4500 | ||
|---|---|---|---|
| 001 | 83457 | ||
| 003 | ES-MaACL | ||
| 005 | 20240208211724.0 | ||
| 007 | t| | ||
| 008 | 041117s1961 sp d ||||1| spa d | ||
| 245 | 0 | 3 |
_aEl intérprete internacional de bolsillo : _b(diccionario de seis idiomas español, inglés, francés, alemán, italiano, portugués) : métodos Roberston. |
| 260 |
_aBarcelona : _bSopena, _c[1961] |
||
| 300 |
_a280 p. ; _c17 cm. |
||
| 650 | 4 |
_aDiccionarios políglotas _911876 |
|
| 852 | 4 |
_aES-MaACL _jE-2458 |
|
| 852 | 4 |
_aES-MaACL _jC-21370 |
|
| 999 |
_c83457 _d83457 |
||